Three dimensional accounting/ (Record no. 339)

MARC details
000 -LEADER
fixed length control field 00422nac a22001451u 4500
008 - FIXED-LENGTH DATA ELEMENTS--GENERAL INFORMATION
fixed length control field 081204s2000 ii |||||r|||| 00| 0 eng d
020 ## - INTERNATIONAL STANDARD BOOK NUMBER
International Standard Book Number 8122412815
082 ## - DEWEY DECIMAL CLASSIFICATION NUMBER
Classification number 657
Item number SAM
Edition number 22
100 ## - MAIN ENTRY--PERSONAL NAME
Personal name Samuel, George
9 (RLIN) 33345
245 ## - TITLE STATEMENT
Title Three dimensional accounting/
Statement of responsibility, etc George Samuel
260 ## - PUBLICATION, DISTRIBUTION, ETC. (IMPRINT)
Place of publication, distribution, etc New Delhi :
Name of publisher, distributor, etc New Age International,
Date of publication, distribution, etc 2000
300 ## - PHYSICAL DESCRIPTION
Extent 125p.
650 ## - SUBJECT ADDED ENTRY--TOPICAL TERM
Topical term or geographic name as entry element Accounting
9 (RLIN) 33347
942 ## - ADDED ENTRY ELEMENTS (KOHA)
Item type Book - Borrowing
Call number prefix 657S1934
Source of classification or shelving scheme Dewey Decimal Classification
Holdings
Withdrawn status Item status Source of classification or shelving scheme Damaged status Not for loan Vendor Home library Current library Shelving location Date acquired Source of acquisition Cost, normal purchase price Total Checkouts Full call number Barcode Date last seen Date last borrowed Cost, replacement price Koha item type
    Dewey Decimal Classification       Central Library Central Library First floor 07/03/2006   56.00 1 657 SAM 000003851 15/07/2025 22/10/2008 70.00 Book - Borrowing